Starostlivosť o zákazníka a reklamácie diplomová práca

Saved in:
Bibliographic Details
Main Author: Zlatošová, Monika
Corporate Author: Obchodná fakulta EU. Katedra marketingu
Other Authors: Dzurová, Mária
Format: Book
Language:Slovak
Published: Bratislava 2011
Tags: Add Tag
No Tags, Be the first to tag this record!

MARC

LEADER 00000nbm a2200000 4500
001 0140367
005 20170315090428.7
041 0 |a slo 
044 |a SK 
245 1 0 |a Starostlivosť o zákazníka a reklamácie  |b diplomová práca  |c Monika Zlatošová ; školiteľ: Mária Dzurová 
264 1 |a Bratislava  |c 2011 
300 |a 67 s. 
100 1 |a Zlatošová, Monika 
700 1 |a Dzurová, Mária 
710 2 |a Obchodná fakulta EU. Katedra marketingu